02105cam a22004214i 4500003000900000005001700009008004100026020001500067035002700082035002700109040003300136082001800169082002000187100003900207245009000246250001300336264005400349300006600403336002100469337002500490338002300515505100400538526001001542526001001552526000901562526000901571526000901580526000901589526000901598526000901607526000901616526000801625526000801633526000801641526000801649526000801657541001801665PE-LiUPU20250731165540.0150625s r 000 0 d a8486584000 a(Sirsi) i9788486584009 a(Sirsi) i9788486584009 aPE-LiUPUbspacPE-LiUPUerda04a465bB45422104a415bB45 T12211 aBianchi de Cortina, Edith,eautor.10aGramática estructural :benciclopedia de la lengua.n1 /cEdith Bianchi de Cortina. aNo tiene 1aBarcelona, España :bEditorial Confersa,c1976. a271 páginas :bilustraciones, gráficos ;c27 centimetros. atext2rdacontent aunmediated2rdamedia avolume2rdacarrier0 aFonología y ortografía: el alfabeto -- La vocales -- Las consonantes -- La sílaba -- El acento -- Signos gráficos -- Normativa de las reglas ortográficas -- Familia de palabras -- Teoría Gramatical: Las partes de la oración -- El sustantivo -- El artículo -- El adjetivo -- Adjetivos Calificativos -- Adjetivos numerales -- Adjetivos demostrativos -- Adjetivos posesivos -- Adjetivos indefinidos -- Adjetivos relativos -- Adjetivos enfáticos -- Adjetivos gentilicios -- El verbo -- La conjugación -- El pronombre -- Pronombres personales -- Pronombres demostrativos -- Pronombres posesivos -- Pronombres relativos -- Pronombres enfáticos -- Pronombres indefinidos -- El adverbio -- Medios de enlace -- La preposición -- La contracción -- La conjunción -- La conjunción -- La interjección -- Clases de oraciones según la actitud del hablante -- La Composición: La palabra como expresión del pensamiento -- La composición -- Forma de comunicación por escrito. aSEG44 aSEG26 aP151 aP150 aP149 aP146 aP145 aP126 aP125 aP92 aP75 aP74 aP27 aP15 g001-00003175;